LDR 01025naa#a2200205#i#450# 001 RU\\bibl\118750 005 20260417065951.5 011 ## _a1994-4683 100 ## _a20230428b2023####ek#y0rusy0150####ca 102 ## _aRU 200 1# _aВЛИЯНИЕ РАЗВИТОЙ НЕРВНО -МЫШЕЧНОЙ СИСТЕМЫ СТУДЕНТОВ НА ПРОЦЕССЕ ОБУЧЕНИЯ ТЕХНИКИ ЛЫЖНЫХ ХОДОВ _eЖурнальная статья 210 1# _aМосква _cНациональный государственный Университет физической культуры, спорта и здоровья им. П.Ф. Лесгафта _d2023 215 ## _a4 с. 608 ## _aЖурнальная статья _2local 675 ## _aЛыжный спорт. Бег на лыжах. Лыжные гонки. Лыжный кросс. 796.92 _z 700 #1 _aСиваков _gВ И 700 #1 _aЧеркасов _gИ Ф 700 #1 _aНикольская _gО Б 700 #1 _aШкляев _gВ В 856 4# _auchzapiski.lesgaft.spb.ru _u